000 00498nam a2200181Ia 4500
005 20250508151732.0
008 008 250505s9999 xx 000 0 eng d
037 _aTextual
040 _aFEDL
_beng
_cFEDL
041 _aeng
_2eng
084 _a377.8, LUM
_qFEDL
100 _aLumb Reginald
_9759859
245 0 _aChurch's part in education
260 _aLondon, UK
_bA R Mowbray and Co. Ltd.
_c1954
300 _a105p.
942 _cTEXL
_h377.8, LUM
999 _c1331798
_d1331798